Colección de decretos referentes a instrucción pública. (Record no. 184567)

MARC details
000 -LEADER
campo de control de longitud fija 00745nam a2200169 i 4500
001 - NÚMERO DE CONTROL
campo de control 184567
003 - IDENTIFICADOR DE NÚMERO DE CONTROL
campo de control ES-MaACL
005 - FECHA Y HORA DE LA ÚLTIMA TRANSACCIÓN
campo de control 20230906222228.0
008 - DATOS DE LONGITUD FIJA--INFORMACIÓN GENERAL
campo de control de longitud fija 151022m18911895sp l |||| | spa d
245 00 - MENCIÓN DEL TÍTULO
Título Colección de decretos referentes a instrucción pública.
250 ## - MENCION DE EDICION
Mención de edición Ed. oficial.
260 ## - PUBLICACIÓN, DISTRIBUCIÓN, ETC.
Lugar de publicación, distribución, etc. Madrid :
Nombre del editor, distribuidor, etc. [s.n.],
Fecha de publicación, distribución, etc. 1891-1895 (
Fabricante Imp. y fundición de Manuel Tello)
300 ## - DESCRIPCIÓN FÍSICA
Extensión 3 v. ;
Dimensiones 25 cm.
505 8# - NOTA DE CONTENIDO CON FORMATO
Nota de contenido con formato Contiene: T. I: Años 1838-1876 - t. II: Años 1876-1890. Apéndice: Jurisprudencia. Competencias - t. III: Sentencias, competencias y autorizaciones para procesar a los funcionarios de Instrucción Pública... desde 1863 hasta 1891
650 04 - PUNTO DE ACCESO ADICIONAL DE MATERIA--TÉRMINO DE MATERIA
Término de materia o nombre geográfico como elemento de entrada Enseñanza-
Subdivisión general Legislación-
Subdivisión geográfica España.
9 (RLIN) 12292
852 ## - LOCALIZACIÓN
Ubicación ES-MaACL
Número de control de estantería A-8991-93
Holdings
Estatus retirado Estado de pérdida Estado de daño No para préstamo Colección Biblioteca de origen Biblioteca actual Ubicación en estantería Fecha de adquisición Fuente de adquisición Total de préstamos Signatura topográfica completa Código de barras Visto por última vez Precio de reemplazo Tipo de ítem Koha
        Libros del s. XIX Biblioteca del Ateneo de Madrid Biblioteca del Ateneo de Madrid Depósito 1 22/10/2015     A-8991-93 1194315 23/02/2023 23/02/2023 Libro impreso antiguo